Escultura olmeca de San Lorenzo Tenochtitlan /
Tras un texto inicial sobre las características de la escultura olmeca de las zonas arqueológicas de San Lorenzo y Tenochtitlan, en Veracruz, luego se presenta la descripción de cada uno de los monumentos que incluyen.
Shranjeno v:
| Korporativna značnica: | |
|---|---|
| Drugi avtorji: | , |
| Format: | Knjiga |
| Jezik: | španščina |
| Izdano: |
México :
UNAM,
2004, c2004
|
| Teme: | |
| Oznake: |
Brez oznak, prvi označite!
|
MARC
| LEADER | 00000nam^a2200000^a^4500 | ||
|---|---|---|---|
| 001 | 000175961 | ||
| 005 | 20250521000000.0 | ||
| 009 | 20260310101623.338 | ||
| 020 | |a 970-32-1572-6 | ||
| 037 | |a Acervo ITESO - Biblioteca | ||
| 041 | |a ESP | ||
| 082 | |a 709. 7262301 |b PASLT V. 2 | ||
| 110 | |a Proyecto Arqueológico San Lorenzo Tenochtitlan | ||
| 245 | 1 | 0 | |a Escultura olmeca de San Lorenzo Tenochtitlan / |c Proyecto Arqueológico San Lorenzo Tenochtitlan ; A. Cyphers ; presen. de B. de la Fuente. |
| 264 | 4 | |a México : |b UNAM, |c 2004, c2004 | |
| 300 | |a 293 p. | ||
| 336 | |a texto |b txt |2 rdacontenido | ||
| 337 | |a sin mediación |b n |2 rdamedio | ||
| 338 | |a volumen |b nc |2 rdasoporte | ||
| 520 | |a Tras un texto inicial sobre las características de la escultura olmeca de las zonas arqueológicas de San Lorenzo y Tenochtitlan, en Veracruz, luego se presenta la descripción de cada uno de los monumentos que incluyen. | ||
| 649 | |a XX | ||
| 650 | |a Olmecas - |x Historia | ||
| 650 | |a Indígenas de México - |z Veracruz - |x Historia | ||
| 650 | |a Escultura Olmeca - |z San Lorenzo Tenochtitlan, Veracruz | ||
| 650 | |a Escultura Olmeca - |z Veracruz | ||
| 650 | |a Escultura Prehispánica - |z Veracruz | ||
| 650 | |a Escultura Prehispánica - |z México | ||
| 650 | |a Escultura Mexicana - |x Historia y Crítica | ||
| 650 | |a Arte Olmeca - |z San Lorenzo Tenochtitlan, Veracruz | ||
| 650 | |a Arte Olmeca - |z Veracruz | ||
| 650 | |a Arte Prehispánico - |z Veracruz | ||
| 650 | |a Arte Prehispánico - |z México | ||
| 650 | |a Arte Mexicano - |x Historia y Crítica | ||
| 650 | |a Arqueología - |z San Lorenzo Tenochtitlan, Veracruz | ||
| 650 | |a Arqueología - |z Veracruz | ||
| 650 | |a Arqueología - |z México | ||
| 650 | |a San Lorenzo Tenochtitlan, Veracruz - |x Historia - |y Epoca Prehispánica | ||
| 650 | |a Veracruz - |x Historia - |y Epoca Prehispánica | ||
| 650 | |a México - |x Historia - |y Epoca Prehispánica | ||
| 650 | |a San Lorenzo Tenochtitlan, Veracruz - |x Descripción | ||
| 650 | |a Veracruz - |x Descripción | ||
| 650 | |a México - |x Descripción | ||
| 700 | |a Cyphers, Ann |e (autor) | ||
| 700 | |a Fuente, Beatriz de la |e (presentación) | ||
| 910 | |a Fondo General | ||
| 920 | |a Impresos - Libros | ||
| 930 | |a Reserva Especial | ||
| 905 | |a 103 | ||
| 901 | |a 0500113753 |b IT1 |c REE |u 20250521 | ||
| 902 | |a https://opac.biblio.iteso.mx/vufind/Record/000175961 | ||